|
|
|
|
| LEADER |
00899nab a2200241 i 4500 |
| 001 |
publ30461 |
| 005 |
20240430101436.0 |
| 008 |
240430s2023 hu o 000 hun d |
| 022 |
|
|
|a 1416-647X
|
| 024 |
7 |
|
|a 34786833
|2 mtmt
|
| 040 |
|
|
|a SZTE Publicatio Repozitórium
|b hun
|
| 041 |
|
|
|a hun
|
| 100 |
1 |
|
|a Tóth Violetta
|
| 245 |
1 |
2 |
|a A főbb selejtezési okok vizsgálata nagyüzemi tejtermelő tehenészetekben
|h [elektronikus dokumentum] /
|c Tóth Violetta
|
| 260 |
|
|
|c 2023
|
| 300 |
|
|
|a 132-145
|
| 490 |
0 |
|
|a ACTA AGRONOMICA ÓVÁRIENSIS
|v 64 No. Különszám 1.
|
| 650 |
|
4 |
|a Állattenyésztési és tejtermelési tudomány
|
| 700 |
0 |
1 |
|a Gulyás László
|e aut
|
| 700 |
0 |
1 |
|a Kocsisné Gráff Myrtill
|e aut
|
| 700 |
0 |
1 |
|a Mikó Edit
|e aut
|
| 700 |
0 |
1 |
|a Köteles Dávid
|e aut
|
| 856 |
4 |
0 |
|u http://publicatio.bibl.u-szeged.hu/30461/1/EPA03114_acta_agronomica_ovariensis_2023_ksz1_132-145.pdf
|z Dokumentum-elérés
|